Score 0/34 Timer 04:00
3 Plays Today
Clue 4 Letter Word % Correct
XOXO: ___ and kissesHUGS
98.1%
Opposite of winLOSE
97.3%
Not on time, tardyLATE
97%
♫ Only know you ___ her when you let her go ♫♫ LOVE ♫
96.9%
Actor Grant of 'Notting Hill'HUGH
96.5%
___ and Let Die, 1973 James Bond filmLIVE
96.4%
___ a Virgin, Madonna hitLIKE
96.2%
Clothing worn on people's headsHATS
96%
Huron or Ontario, e.g.LAKE
95%
♫ Only ___ the road when you're missing home ♫♫ HATE ♫
93.4%
Sound a dog makesBARK
93.3%
A coven of particularly ugly witchesHAGS
92.7%
Group of musiciansBAND
92.4%
♫ 'Cause love comes slow and it goes so ___♫ FAST ♫
92.2%
Material on beachesSAND
92%
A regimen designed to lose weightDIET
91.9%
American TV drama with Evangeline LillyLOST
91.7%
Clue 4 Letter Word % Correct
♫ Only know you've been ___ when you're feeling low ♫♫ HIGH ♫
91.6%
Soil or grimeDIRT
91%
♫ Staring at the ceiling in the ___♫ DARK ♫
90.9%
A light sprayMIST
90.4%
Fiscal institutionBANK
90.3%
♫ Everything you touch surely ___♫ DIES ♫
89.9%
8 of these make up a gallonPINT
89.6%
DispatchSEND
89.5%
♫ Hoping one day you'll make a dream ___♫ LAST ♫
89.4%
Start of life for a plantSEED
88.8%
In like-new conditionMINT
87.7%
Pointed missileDART
87.6%
Danny Rand, A.K.A. The Immortal Iron ___FIST
86.4%
They usually accompany needlesPINS
84.6%
Ooze through a substanceSEEP
81.9%
Loud noisesDINS
80.8%
♫ But never to touch and never to ___♫ KEEP ♫
65.7%

Today's Daily Dose

Word Ladder
Manners?

Quick Pick
Bat and Ball

Get the Picture
Disney Villains VI

You're not logged in!

Compare scores with friends on all Sporcle quizzes.
OR
Log In

Sporcle TV

Today on Sporcle TV


Watch our educational content, quiz creation guides, and fun videos on Sporcle TV.

Show Comments

Extras

Top Quizzes Today


Score Distribution

Paid Content

Your Account Isn't Verified!

In order to create a playlist on Sporcle, you need to verify the email address you used during registration. Go to your Sporcle Settings to finish the process.

Report this User

Report this user for behavior that violates our Community Guidelines.

Details: